[Event "Duisburg Grossenbaum op"]
[Site "Duisburg"]
[Date "2004.05.29"]
[Round "3"]
[White "Schweren, Marcel"]
[Black "Gohla, Ulf"]
[Result "1-0"]
[WhiteElo "1775"]
[BlackElo "2064"]
[PlyCount "97"]
[EventDate "2004.05.28"]
[EventType "swiss"]
[EventRounds "7"]
[EventCountry "GER"]
[SourceTitle "EXT 2006"]
[Source "ChessBase"]
[SourceDate "2005.11.24"]
[SourceVersion "1"]
[SourceVersionDate "2005.11.24"]
[SourceQuality "1"]

1. d4 Nf6 2. c4 e6 3. Nf3 b6 4. g3 Bb7 5. Bg2 Be7 6. 0-0 0-0 7. Nc3 c5 8. d5 d6 9. e4 e5 10. Ne1 Ne8 11. Nd3 Nd7 12. f4 Bf6 13. f5 Bg5 14. Qg4 Bxc1 15. Raxc1 Ndf6 16. Qe2 a6 17. a4 Bc8 18. Ne1 Bd7 19. g4 h6 20. h4 Nh7 21. Nf3 Rb8 22. Qe3 f6 23. Rf2 Nc7 24. Bf1 Qe7 25. Rg2 b5 26. Rcc2 bxa4 27. g5 hxg5 28. hxg5 Nxg5 29. Nxg5 fxg5 30. Rxg5 Kf7 31. Qg3 Rg8 32. Be2 Ne8 33. Bh5+ Kf8 34. Bxe8 Qxe8 35. Rf2 Qf7 36. Rg6 Ke7 37. Qg5+ Ke8 38. f6 Rb3 39. fxg7 Qe7 40. Rf8+ Rxf8 41. gxf8Q+ Qxf8 42. Rg8 a3 43. Rxf8+ Kxf8 44. Qd8+ Be8 45. Qxd6+ Kg8 46. bxa3 Rxc3 47. Qxe5 Rc1+ 48. Kh2 Bf7 49. Qg5+ 1-0